• 首页
  • 本馆介绍
  • 公告通知
  • 最新文献
  • 馆藏检索
  • 电子资源
  • 读者导购
  • 参考咨询
  • 我的图书馆
  • 登录
  • 详细信息显示
  • 放入我的书架
  • 预约/预借图书
  • 作者相关作品
  • 分类相关作品
  • 丛书相关作品
  • 出版社相关作品

书目信息

  • 表格格式
  • 工作单格式
  • 卡片格式
题名:
动车组构造
    
 
作者: 李晓村 , 侯梅英 主编
分册:  
出版信息: 成都   西南交通大学出版社  2009.01
页数: 234页
开本: 26cm
丛书名: CRH动车组系列教材
单 册:
中图分类: U266 , U26
科图分类:
主题词: 动车--dong che--构造--职业教育--教材
电子资源:
ISBN: 978-7-5643-0179-8
000 00996nam 2200289 450
001 2370701076
005 20231122193906.35
010    @a978-7-5643-0179-8@dCNY36.00
100    @a20230322d2009 em y0chiy50 ea
101 0  @achi
102    @aCN@b510000
105    @aak a 000yy
200 1  @a动车组构造@Adong che zu gou zao@f主编李晓村, 侯梅英
210    @a成都@c西南交通大学出版社@d2009.01
215    @a234页@c图@d26cm
225 2  @aCRH动车组系列教材@ACRH dong che zu xi lie jiao cai
300    @a中国职业技术教育学会轨道交通专业委员会推荐教学用书
320    @a有书目 (第234页)
330    @a本书共计六章, 内容涉及有: 动车组总体及主要技术参数 ; 动车组车体技术 ; 动车组转向架 ; 动车组制动 ; 动车组连接装置等。
410  0 @12001 @aCRH动车组系列教材
606 0  @a动车@Adong che@x构造@x职业教育@j教材
690    @aU266@v5
690    @aU26@v4
701  0 @a李晓村@Ali xiao cun@4主编
701  0 @a侯梅英@Ahou mei ying@4主编
801  0 @aCN@b人天书店@c20230322
905    @aBZT@dU26@e3
    
    动车组构造/主编李晓村, 侯梅英.-成都:西南交通大学出版社,2009.01
    234页:图;26cm.-(CRH动车组系列教材)
    中国职业技术教育学会轨道交通专业委员会推荐教学用书
    
    ISBN 978-7-5643-0179-8:CNY36.00
    本书共计六章, 内容涉及有: 动车组总体及主要技术参数 ; 动车组车体技术 ; 动车组转向架 ; 动车组制动 ; 动车组连接装置等。
●
相关链接 在五车中查询图书 在当当中查询图书 在豆瓣中查询图书


正题名:动车组构造     索取号:U26/3         预约/预借

序号 登录号 条形码 馆藏地/架位号 状态 备注
1 2001073288   2001073288   东辅楼二楼书库/ [索取号:U26/3] 在馆    
2 2001073289   2001073289   东辅楼二楼书库/ [索取号:U26/3] 在馆    
3 2001073290   2001073290   东辅楼二楼书库/ [索取号:U26/3] 在馆    
4 2001073291   2001073291   东辅楼二楼书库/ [索取号:U26/3] 在馆    
5 2001073292   2001073292   东辅楼二楼书库/ [索取号:U26/3] 在馆    
6 2001073293   2001073293   东辅楼二楼书库/ [索取号:U26/3] 在馆    
7 2001073294   2001073294   东辅楼二楼书库/ [索取号:U26/3] 在馆    
8 2001073295   2001073295   东辅楼二楼书库/ [索取号:U26/3] 在馆    
9 2001073296   2001073296   东辅楼二楼书库/ [索取号:U26/3] 在馆    
10 2001073297   2001073297   东辅楼二楼书库/ [索取号:U26/3] 在馆    
11 2001073298   2001073298   东辅楼二楼书库/ [索取号:U26/3] 在馆    
12 2001073299   2001073299   东辅楼二楼书库/ [索取号:U26/3] 在馆    
13 2001073300   2001073300   东辅楼二楼书库/ [索取号:U26/3] 在馆    
14 2001073301   2001073301   东辅楼二楼书库/ [索取号:U26/3] 在馆    
15 2001073302   2001073302   东辅楼二楼书库/ [索取号:U26/3] 在馆    
16 2001073303   2001073303   东辅楼二楼书库/ [索取号:U26/3] 在馆    
17 2001073304   2001073304   东辅楼二楼书库/ [索取号:U26/3] 在馆    
18 2001073305   2001073305   东辅楼二楼书库/ [索取号:U26/3] 在馆    
19 2001073306   2001073306   东辅楼二楼书库/ [索取号:U26/3] 在馆    
20 2001073307   2001073307   东辅楼二楼书库/ [索取号:U26/3] 在馆    
21 2001073308   2001073308   东辅楼二楼书库/ [索取号:U26/3] 在馆    
22 2001073309   2001073309   东辅楼二楼书库/ [索取号:U26/3] 在馆    
23 2001073310   2001073310   东辅楼二楼书库/ [索取号:U26/3] 在馆    
24 2001073311   2001073311   东辅楼二楼书库/ [索取号:U26/3] 在馆    
25 2001073312   2001073312   东辅楼二楼书库/ [索取号:U26/3] 在馆    
26 2001073313   2001073313   东辅楼二楼书库/ [索取号:U26/3] 在馆    
27 2001073314   2001073314   东辅楼二楼书库/ [索取号:U26/3] 在馆    
28 2001073315   2001073315   东辅楼二楼书库/ [索取号:U26/3] 在馆    
29 2001073316   2001073316   东辅楼二楼书库/ [索取号:U26/3] 在馆    
30 2001073317   2001073317   东辅楼二楼书库/ [索取号:U26/3] 在馆    
山东省滨州职业学院图书馆 欢迎您!
大连网信软件有限公司© 版权所有